Red Wine... or White? - Statistics

General Stats
  • This quiz has been taken 18,107 times
    17,982 since last reset
  • The average score is 11 of 15
Answer Stats
Question Answer % Correct
Sauvignon blanc White
95%
Merlot Red
94%
Pinot noir Red
90%
Chardonnay White
86%
Malbec Red
84%
Riesling White
84%
Pinot grigio White
84%
Cabernet sauvignon Red
77%
Syrah / shiraz Red
72%
Sangiovese Red
70%
Tempranillo Red
69%
Nebbiolo Red
67%
Gewürztraminer White
66%
Sémillon White
60%
Zinfandel Red
49%
No matching quizzes found
Score Distribution
Percent of People with Each Score
Percentile by Number Answered
Your Score History
You have not taken this quiz since the last reset